Главная звезда каждой команды НБА - Statistics

General Stats
  • This quiz has been taken 39 times
  • The average score is 21 of 30
Answer Stats
Picture Answer % Correct
Кевин Дюрант
100%
Леброн Джеймс
100%
Стефен Карри
100%
Лука Дончич
91%
Никола Йокич
88%
Джейсон Тейтум
82%
Джоэль Эмбиид
79%
Джа Морант
79%
Виктор Вембаньяма
79%
Ламело Болл
79%
Энтони Эдвардс
76%
Кавай Леонард
76%
Шей Гилджес-Александр
73%
Тайриз Халибертон
73%
Яннис Адетокумбо
70%
Домантас Сабонис
70%
Донован Митчелл
67%
Джимми Батлер
67%
Трэй Янг
67%
Кайл Кузма
67%
Зайон Уильямсон
64%
Паоло Банкеро
64%
Джейлен Брансон
61%
Альперен Шенгюн
61%
Кейд Каннингем
58%
Демар Дерозан
55%
Микал Бриджес
55%
Лаури Маркканен
55%
Скотти Барнс
45%
Джерами Грант
30%
No matching quizzes found
Score Distribution
Percent of People with Each Score
Percentile by Number Answered
Your Score History
You have not taken this quiz